00593nam a2200157Ia 4500008004000000082001500040100004400055245004800099260005600147300001100203650004400214690002600258906001100284999001700295952012300312210210b1995 xxu||||| |||| 00| 0 eng d a332.6 FISS aFISCHER (Donald E) & JORDAN (Ronald J). aSecurity analysis and portfolio management. aDelhibPrentice-Hall of India Private Limitedc1995 axi,691 aSecurity analysis Portfolio management aInvestment Management a050863 c99460d99460 001040708EconomicsaALbALcEconomicsd2021-02-17g0.00l0o332.6 FISSp050863r2021-02-17 00:00:00w2021-02-17yBK